|
|
|
|
| LEADER |
00000nam0a2200000 4500 |
| 001 |
207901 |
| 005 |
20231101225428.0 |
| 035 |
|
|
|a (RuTPU)RU\TPU\book\226903
|
| 090 |
|
|
|a 207901
|
| 100 |
|
|
|a 20120130d1975 m y0rusy50 ca
|
| 101 |
0 |
|
|a rus
|
| 102 |
|
|
|a RU
|
| 105 |
|
|
|a y j 001zy
|
| 200 |
1 |
|
|a Математическое программирование
|e учебное пособие
|f В. Г. Карманов
|
| 210 |
|
|
|a Москва
|c Наука
|d 1975
|
| 215 |
|
|
|a 272 с.
|c ил.
|
| 320 |
|
|
|a Библиогр.: с. 270.
|
| 320 |
|
|
|a Предметный указатель: с. 271-272.
|
| 606 |
|
|
|a Математическое программирование
|x (математика)
|2 stltpush
|3 (RuTPU)RU\TPU\subj\41243
|9 61049
|
| 610 |
1 |
|
|a выпуклый анализ
|
| 610 |
1 |
|
|a выпуклое программирование
|
| 610 |
1 |
|
|a основы
|
| 610 |
1 |
|
|a линейное программирование
|
| 610 |
1 |
|
|a задачи
|
| 610 |
1 |
|
|a решение
|
| 610 |
1 |
|
|a конечные методы
|
| 610 |
1 |
|
|a штрафные функции
|
| 610 |
1 |
|
|a метод Фибоначчи
|
| 610 |
1 |
|
|a минимизация
|
| 610 |
1 |
|
|a релаксационные методы
|
| 610 |
1 |
|
|a учебные пособия
|
| 675 |
|
|
|a 519.85(075.8)
|v 3
|
| 700 |
|
1 |
|a Карманов
|b В. Г.
|g Владимир Георгиевич
|
| 801 |
|
1 |
|a RU
|b 63413507
|c 20120130
|
| 801 |
|
2 |
|a RU
|b 63413507
|c 20150615
|g RCR
|
| 942 |
|
|
|c BK
|